| 000 | 00451 a2200181 4500 | ||
|---|---|---|---|
| 020 | _a9780471728979 | ||
| 082 | _a510.24621 KRE | ||
| 090 |
_c40026 _d40026 |
||
| 100 | _aErwin Kreyszig | ||
| 245 |
_aAdvance Engineering Mathematics 10 th/ed _hEnglish |
||
| 250 | _a10 th | ||
| 260 |
_aAsia _bwiley _c2011 |
||
| 300 | _axiii 1134p. | ||
| 500 | _aH & S text | ||
| 505 | _aNUTS Books | ||
| 600 | _aMathematics | ||
| 942 |
_acaenust _k510.24621KRE _cBS |
||
| 999 |
_c475677 _d475677 |
||